[Event "PK Jeugd 2020 B"]
[Site "Eindhoven, Netherlands"]
[Date "????.??.??"]
[Round "2.7"]
[White "Ubbink, Anouk"]
[Black "Cchung, Nyuk Lyn"]
[Result "0-1"]
[WhiteElo "1195"]
[BlackElo "2001"]

1. e4 {[%clk 00:55:19]} c5 {[%clk 00:55:20]} {[%emt 00:00:01]} 2. d4 {[%clk
00:55:27]} {[%emt 00:00:02]} cxd4 {[%clk 00:55:25]} {[%emt 00:00:05]} 3. c3
{[%clk 00:55:33]} {[%emt 00:00:04]} dxc3 {[%clk 00:55:30]} {[%emt 00:00:04]} 4.
Nxc3 {[%clk 00:55:40]} {[%emt 00:00:03]} Nc6 {[%clk 00:55:11]} {[%emt
00:00:29]} 5. Nf3 {[%clk 00:55:43]} {[%emt 00:00:07]} e6 {[%clk 00:55:10]}
{[%emt 00:00:11]} 6. Bd3 {[%clk 00:55:40]} {[%emt 00:00:14]} Nge7 {[%clk
00:55:06]} {[%emt 00:00:14]} 7. O-O {[%clk 00:55:41]} {[%emt 00:00:09]} Ng6
{[%clk 00:55:10]} {[%emt 00:00:05]} 8. Be3 {[%clk 00:55:11]} {[%emt 00:00:41]}
Be7 {[%clk 00:55:06]} {[%emt 00:00:15]} 9. Qc2 {[%clk 00:54:55]} {[%emt
00:00:26]} d6 {[%clk 00:52:43]} {[%emt 00:02:33]} 10. Rfd1 {[%clk 00:54:41]}
{[%emt 00:00:23]} O-O {[%clk 00:52:10]} {[%emt 00:00:43]} 11. Rac1 {[%clk
00:54:08]} {[%emt 00:00:43]} h6 {[%clk 00:49:51]} {[%emt 00:02:29]} 12. a3
{[%clk 00:50:57]} {[%emt 00:03:21]} a6 {[%clk 00:49:44]} {[%emt 00:00:17]} 13.
Rd2 {[%clk 00:49:00]} {[%emt 00:02:07]} Nce5 {[%clk 00:49:04]} {[%emt
00:00:51]} 14. Nxe5 {[%clk 00:48:30]} {[%emt 00:00:40]} Nxe5 {[%clk 00:49:09]}
{[%emt 00:00:04]} 15. Be2 {[%clk 00:48:13]} {[%emt 00:00:27]} Bd7 {[%clk
00:48:17]} {[%emt 00:01:02]} 16. f4 {[%clk 00:47:44]} {[%emt 00:00:38]} Ng6
{[%clk 00:47:52]} {[%emt 00:00:34]} 17. Bd3 {[%clk 00:46:09]} {[%emt 00:01:47]}
Rc8 {[%clk 00:47:30]} {[%emt 00:00:32]} 18. e5 {[%clk 00:45:57]} {[%emt
00:00:22]} dxe5 {[%clk 00:46:58]} {[%emt 00:00:42]} 19. Bxg6 {[%clk 00:45:38]}
{[%emt 00:00:29]} fxg6 {[%clk 00:46:17]} {[%emt 00:00:50]} 20. fxe5 {[%clk
00:45:33]} {[%emt 00:00:15]} Bg5 {[%clk 00:45:37]} {[%emt 00:00:51]} 21. Bxg5
{[%clk 00:45:21]} {[%emt 00:00:21]} hxg5 {[%clk 00:44:33]} {[%emt 00:01:14]} 22.
Qxg6 {[%clk 00:45:13]} {[%emt 00:00:18]} Qb6+ {[%clk 00:43:58]} {[%emt
00:00:45]} 23. Kh1 {[%clk 00:45:07]} {[%emt 00:00:16]} Qe3 {[%clk 00:44:00]}
{[%emt 00:00:08]} 24. Rcd1 {[%clk 00:43:17]} {[%emt 00:02:01]} Qxd2 {[%clk
00:43:50]} {[%emt 00:00:20]} 25. h3 {[%clk 00:42:50]} {[%emt 00:00:36]} Qe3
{[%clk 00:43:26]} {[%emt 00:00:34]} 26. Rg1 {[%clk 00:34:14]} {[%emt 00:08:47]}
Qxe5 {[%clk 00:43:20]} {[%emt 00:00:16]} 27. Qd3 {[%clk 00:33:41]} {[%emt
00:00:43]} Bc6 {[%clk 00:43:17]} {[%emt 00:00:13]} 28. Qd1 {[%clk 00:33:12]}
{[%emt 00:00:40]} Qg3 {[%clk 00:43:11]} {[%emt 00:00:16]} 29. Ne2 {[%clk
00:33:00]} {[%emt 00:00:21]} Qxh3# {[%clk 00:43:17]} {[%emt 00:00:04]} 0-1

[Event "PK Jeugd 2020 B"]
[Site "Eindhoven, Netherlands"]
[Date "????.??.??"]
[Round "2.8"]
[White "Hooijmans, Merijn Thijmen"]
[Black "Basa, Manasvita"]
[Result "0-1"]
[WhiteElo "1267"]
[BlackElo "1728"]

1. d4 {[%clk 00:55:17]} {[%emt 00:00:02]} d5 {[%clk 00:55:15]} {[%emt
00:00:05]} 2. c4 {[%clk 00:55:17]} {[%emt 00:00:10]} e6 {[%clk 00:55:21]}
{[%emt 00:00:05]} 3. Nc3 {[%clk 00:55:08]} {[%emt 00:00:19]} Be7 {[%clk
00:55:24]} {[%emt 00:00:07]} 4. Nf3 {[%clk 00:54:57]} {[%emt 00:00:20]} Nf6
{[%clk 00:55:24]} {[%emt 00:00:11]} 5. Bf4 {[%clk 00:54:40]} {[%emt 00:00:26]}
a6 {[%clk 00:55:15]} {[%emt 00:00:20]} 6. e3 {[%clk 00:54:24]} {[%emt
00:00:27]} dxc4 {[%clk 00:55:03]} {[%emt 00:00:22]} 7. Bxc4 {[%clk 00:53:59]}
{[%emt 00:00:34]} b5 {[%clk 00:55:11]} {[%emt 00:00:03]} 8. Bd3 {[%clk
00:52:33]} {[%emt 00:01:36]} Bb7 {[%clk 00:55:12]} {[%emt 00:00:10]} 9. O-O
{[%clk 00:50:31]} {[%emt 00:02:12]} Nbd7 {[%clk 00:54:56]} {[%emt 00:00:26]} 10.
Bc2 {[%clk 00:48:59]} {[%emt 00:01:42]} O-O {[%clk 00:53:23]} {[%emt 00:01:44]}
11. Qd3 {[%clk 00:48:37]} {[%emt 00:00:31]} b4 {[%clk 00:50:04]} {[%emt
00:03:30]} 12. Ne2 {[%clk 00:48:02]} {[%emt 00:00:45]} Rc8 {[%clk 00:40:09]}
{[%emt 00:10:05]} 13. Ng3 {[%clk 00:45:55]} {[%emt 00:02:16]} c5 {[%clk
00:38:35]} {[%emt 00:01:45]} 14. b3 {[%clk 00:45:24]} {[%emt 00:00:41]} Bc6
{[%clk 00:37:26]} {[%emt 00:01:19]} 15. Qd2 {[%clk 00:44:11]} {[%emt 00:01:22]}
Nd5 {[%clk 00:34:00]} {[%emt 00:03:35]} 16. e4 {[%clk 00:40:10]} {[%emt
00:04:12]} Nxf4 {[%clk 00:33:17]} {[%emt 00:00:53]} 17. Qxf4 {[%clk 00:40:00]}
{[%emt 00:00:20]} cxd4 {[%clk 00:30:59]} {[%emt 00:02:29]} 18. Nxd4 {[%clk
00:39:39]} {[%emt 00:00:31]} e5 {[%clk 00:28:12]} {[%emt 00:02:57]} 19. Qg4
{[%clk 00:37:32]} {[%emt 00:02:17]} exd4 {[%clk 00:27:00]} {[%emt 00:01:23]} 20.
Nf5 {[%clk 00:37:23]} {[%emt 00:00:19]} Bf6 {[%clk 00:26:25]} {[%emt 00:00:45]}
21. Qh3 {[%clk 00:35:17]} {[%emt 00:02:15]} d3 {[%clk 00:23:59]} {[%emt
00:02:36]} 22. Bxd3 {[%clk 00:34:30]} {[%emt 00:00:58]} Bxa1 {[%clk 00:23:41]}
{[%emt 00:00:28]} 23. e5 {[%clk 00:33:30]} {[%emt 00:01:10]} g6 {[%clk
00:23:25]} {[%emt 00:00:26]} 24. Qh6 {[%clk 00:32:50]} {[%emt 00:00:50]} Bxe5
{[%clk 00:23:19]} {[%emt 00:00:16]} 25. Re1 {[%clk 00:28:46]} {[%emt 00:04:14]}
Qf6 {[%clk 00:22:33]} {[%emt 00:00:56]} 26. g4 {[%clk 00:27:12]} {[%emt
00:01:44]} gxf5 {[%clk 00:21:23]} {[%emt 00:01:21]} 27. Qh3 {[%clk 00:26:08]}
{[%emt 00:01:13]} Be4 {[%clk 00:19:56]} {[%emt 00:01:38]} 0-1

[Event "PK Jeugd 2020 B"]
[Site "Eindhoven, Netherlands"]
[Date "????.??.??"]
[Round "2.9"]
[White "Molanus, Florian"]
[Black "Elst, Tygo"]
[Result "1-0"]
[WhiteElo "1468"]
[BlackElo "1065"]

1. d4 {[%emt 00:15:20]} d5 {[%emt 00:00:15]} 2. c4 {[%emt 00:00:05]} c6 {[%emt
00:00:27]} 3. Nf3 {[%emt 00:00:05]} Nf6 {[%emt 00:01:54]} 4. Nc3 {[%emt
00:00:08]} Bf5 {[%emt 00:01:36]} 5. Qb3 {[%emt 00:01:04]} b6 {[%emt 00:02:13]}
6. Bg5 {[%emt 00:02:58]} e6 {[%emt 00:03:02]} 7. e3 {[%emt 00:02:08]} Be7
{[%emt 00:01:40]} 8. Qa4 {[%emt 00:02:09]} dxc4 {[%emt 00:01:54]} 9. Qxc4
{[%emt 00:01:25]} b5 {[%emt 00:01:51]} 10. Qb3 {[%emt 00:02:42]} Qa5 {[%emt
00:04:39]} 11. a3 {[%emt 00:02:46]} O-O {[%emt 00:03:31]} 12. Nh4 {[%emt
00:03:07]} Be4 {[%emt 00:03:00]} 13. O-O-O {[%emt 00:02:30]} Bd5 {[%emt
00:01:56]} 14. Nxd5 {[%emt 00:00:48]} Nxd5 {[%emt 00:01:59]} 15. Bxe7 {[%emt
00:00:16]} Nxe7 {[%emt 00:00:02]} 16. Nf3 {[%emt 00:02:44]} Nd7 {[%emt
00:02:22]} 17. Ng5 {[%emt 00:02:09]} b4 {[%emt 00:01:43]} 18. Nxe6 {[%emt
00:04:14]} Rfb8 {[%emt 00:04:15]} 19. Bc4 {[%emt 00:03:26]} bxa3 {[%emt
00:01:37]} 20. Qxa3 {[%emt 00:00:20]} Qxa3 {[%emt 00:00:34]} 21. bxa3 {[%emt
00:00:08]} Nd5 {[%emt 00:04:03]} 22. Bxd5 {[%emt 00:00:34]} cxd5 {[%emt
00:00:19]} 23. Nf4 {[%emt 00:00:36]} Rc8+ {[%emt 00:00:42]} 24. Kd2 {[%emt
00:00:19]} Nf6 {[%emt 00:01:02]} 25. f3 {[%emt 00:01:25]} Rab8 {[%emt
00:00:22]} 26. Rb1 {[%emt 00:00:16]} a5 {[%emt 00:00:58]} 27. Rhc1 {[%emt
00:00:32]} h6 {[%emt 00:00:51]} 28. Rxc8+ {[%emt 00:00:09]} Rxc8 {[%emt
00:00:11]} 29. Rb5 {[%emt 00:00:03]} a4 {[%emt 00:01:05]} 30. Nxd5 {[%emt
00:00:44]} Nxd5 {[%emt 00:00:49]} 31. Rxd5 {[%emt 00:00:08]} Rb8 {[%emt
00:00:09]} 32. Kc2 {[%emt 00:00:22]} Rb3 {[%emt 00:00:31]} 33. e4 {[%emt
00:00:26]} Rxa3 {[%emt 00:00:31]} 34. Ra5 {[%emt 00:00:09]} Ra2+ {[%emt
00:00:42]} 35. Kd3 {[%emt 00:00:06]} Kf8 {[%emt 00:00:39]} 36. d5 {[%emt
00:00:24]} Ke7 {[%emt 00:00:17]} 37. Ra7+ {[%emt 00:00:48]} Kd6 {[%emt
00:00:11]} 38. Ra6+ {[%emt 00:00:09]} Kc5 {[%emt 00:00:14]} 39. d6 {[%emt
00:00:15]} Kb5 {[%emt 00:01:01]} 40. Ra7 {[%emt 00:00:35]} Ra3+ {[%emt
00:02:09]} 41. Kc2 {[%emt 00:01:11]} Kb4 {[%emt 00:00:37]} 42. Rb7+ {[%emt
00:00:51]} Kc4 {[%emt 00:00:28]} 43. d7 {[%emt 00:00:12]} Rd3 {[%emt 00:00:10]}
44. Rc7+ {[%emt 00:00:09]} 1-0

[Event "PK Jeugd 2020 B"]
[Site "Eindhoven, Netherlands"]
[Date "????.??.??"]
[Round "2.10"]
[White "Moonen, Kevin"]
[Black "Li-Behn, Tobias"]
[Result "1/2-1/2"]
[WhiteElo "1175"]
[BlackElo "1618"]

1. e4 {[%clk 00:55:18]} {[%emt 00:00:02]} c5 {[%clk 00:55:19]} {[%emt
00:00:02]} 2. c3 {[%clk 00:55:23]} {[%emt 00:00:05]} e6 {[%clk 00:54:55]}
{[%emt 00:00:33]} 3. d4 {[%clk 00:55:23]} {[%emt 00:00:10]} cxd4 {[%clk
00:54:46]} {[%emt 00:00:20]} 4. cxd4 {[%clk 00:55:28]} {[%emt 00:00:05]} d5
{[%clk 00:54:45]} {[%emt 00:00:11]} 5. exd5 {[%clk 00:55:05]} {[%emt 00:00:33]}
Qxd5 {[%clk 00:54:36]} {[%emt 00:00:19]} 6. Nc3 {[%clk 00:55:03]} {[%emt
00:00:12]} Bb4 {[%clk 00:52:46]} {[%emt 00:01:59]} 7. a3 {[%clk 00:53:09]}
{[%emt 00:02:05]} Qa5 {[%clk 00:50:12]} {[%emt 00:02:44]} 8. Bd2 {[%clk
00:51:58]} {[%emt 00:01:20]} Nc6 {[%clk 00:49:42]} {[%emt 00:00:40]} 9. axb4
{[%clk 00:45:34]} {[%emt 00:06:34]} Qxb4 {[%clk 00:49:49]} {[%emt 00:00:03]} 10.
Nb5 {[%clk 00:43:57]} {[%emt 00:01:47]} Qe7 {[%clk 00:48:31]} {[%emt 00:01:28]}
11. Nf3 {[%clk 00:42:52]} {[%emt 00:01:16]} Nf6 {[%clk 00:46:25]} {[%emt
00:02:16]} 12. Be2 {[%clk 00:39:10]} {[%emt 00:03:52]} h5 {[%clk 00:46:06]}
{[%emt 00:00:29]} 13. Bg5 {[%clk 00:38:29]} {[%emt 00:00:51]} a6 {[%clk
00:45:20]} {[%emt 00:00:56]} 14. Bxf6 {[%clk 00:36:50]} {[%emt 00:01:48]} gxf6
{[%clk 00:44:58]} {[%emt 00:00:33]} 15. Qd2 {[%clk 00:35:06]} {[%emt 00:01:53]}
Rb8 {[%clk 00:43:36]} {[%emt 00:01:32]} 16. Nc3 {[%clk 00:34:19]} {[%emt
00:00:58]} b5 {[%clk 00:43:03]} {[%emt 00:00:43]} 17. Qe3 {[%clk 00:31:20]}
{[%emt 00:03:08]} Nb4 {[%clk 00:42:24]} {[%emt 00:00:49]} 18. Bd3 {[%clk
00:29:40]} {[%emt 00:01:50]} Bb7 {[%clk 00:41:20]} {[%emt 00:01:15]} 19. Rc1
{[%clk 00:26:20]} {[%emt 00:03:30]} Rd8 {[%clk 00:36:15]} {[%emt 00:05:15]} 20.
Be4 {[%clk 00:24:27]} {[%emt 00:02:03]} Bxe4 {[%clk 00:33:02]} {[%emt
00:03:23]} 21. Qxe4 {[%clk 00:24:12]} {[%emt 00:00:26]} f5 {[%clk 00:32:37]}
{[%emt 00:00:35]} 22. Qe2 {[%clk 00:23:20]} {[%emt 00:01:00]} f6 {[%clk
00:31:31]} {[%emt 00:01:17]} 23. Rd1 {[%clk 00:21:16]} {[%emt 00:02:14]} Kf7
{[%clk 00:30:27]} {[%emt 00:01:14]} 24. Nh4 {[%clk 00:19:18]} {[%emt 00:02:07]}
Qb7 {[%clk 00:26:34]} {[%emt 00:04:04]} 25. Qf3 {[%clk 00:16:36]} {[%emt
00:02:50]} Qc7 {[%clk 00:22:19]} {[%emt 00:04:27]} 26. O-O {[%clk 00:15:18]}
{[%emt 00:01:28]} Nd5 {[%clk 00:21:15]} {[%emt 00:01:13]} 27. Nxd5 {[%clk
00:13:15]} {[%emt 00:02:14]} Rxd5 {[%clk 00:21:24]} {[%emt 00:00:02]} 28. Qg3
{[%clk 00:12:10]} {[%emt 00:01:14]} Qxg3 {[%clk 00:20:52]} {[%emt 00:00:43]} 29.
fxg3 {[%clk 00:12:11]} {[%emt 00:00:08]} Rhd8 {[%clk 00:20:50]} {[%emt
00:00:12]} 30. Nf3 {[%clk 00:11:35]} {[%emt 00:00:46]} e5 {[%clk 00:20:23]}
{[%emt 00:00:37]} 31. Rd2 {[%clk 00:08:59]} {[%emt 00:02:45]} e4 {[%clk
00:18:03]} {[%emt 00:02:31]} 32. Nh4 {[%clk 00:08:16]} {[%emt 00:00:53]} Ke6
{[%clk 00:15:34]} {[%emt 00:02:40]} 33. Rfd1 {[%clk 00:07:24]} {[%emt
00:01:02]} e3 {[%clk 00:12:39]} {[%emt 00:03:04]} 34. Re2 {[%clk 00:06:07]}
{[%emt 00:01:27]} Re5 {[%clk 00:12:36]} {[%emt 00:00:14]} 35. Ree1 {[%clk
00:04:40]} {[%emt 00:01:36]} Re4 {[%clk 00:12:01]} {[%emt 00:00:45]} 36. Nf3
{[%clk 00:04:37]} {[%emt 00:00:13]} Rc8 {[%clk 00:11:09]} {[%emt 00:01:03]} 37.
Re2 {[%clk 00:04:04]} {[%emt 00:00:43]} Kd5 {[%clk 00:10:14]} {[%emt 00:01:05]}
38. Kf1 {[%clk 00:03:39]} {[%emt 00:00:35]} a5 {[%clk 00:10:03]} {[%emt
00:00:21]} 39. Rde1 {[%clk 00:03:37]} {[%emt 00:00:12]} a4 {[%clk 00:08:52]}
{[%emt 00:01:22]} 40. Rxe3 {[%clk 00:03:37]} {[%emt 00:00:10]} Rc2 {[%clk
00:08:43]} {[%emt 00:00:18]} 41. R1e2 {[%clk 00:03:20]} {[%emt 00:00:27]} Rc1+
{[%clk 00:07:53]} {[%emt 00:01:00]} 42. Kf2 {[%clk 00:03:28]} {[%emt 00:00:02]}
b4 {[%clk 00:07:14]} {[%emt 00:00:50]} 43. Re1 {[%clk 00:01:44]} {[%emt
00:01:53]} Rc2+ {[%clk 00:05:20]} {[%emt 00:02:05]} 44. R1e2 {[%clk 00:01:46]}
{[%emt 00:00:07]} Rxe2+ {[%clk 00:04:31]} {[%emt 00:00:59]} 45. Kxe2 {[%clk
00:01:43]} {[%emt 00:00:13]} a3 {[%clk 00:03:42]} {[%emt 00:00:59]} 46. bxa3
{[%clk 00:01:06]} {[%emt 00:00:47]} bxa3 {[%clk 00:03:10]} {[%emt 00:00:41]} 47.
Ne1 {[%clk 00:00:55]} {[%emt 00:00:20]} a2 {[%clk 00:01:16]} {[%emt 00:02:43]}
48. Nc2 {[%clk 00:00:39]} Kc4 {[%clk 00:00:54]} {[%emt 00:00:19]} 49. Rxe4
{[%clk 00:00:37]} {[%emt 00:00:12]} fxe4 {[%clk 00:00:49]} {[%emt 00:00:16]} 50.
Kd2 {[%clk 00:00:46]} {[%emt 00:00:01]} Kb5 {[%clk 00:00:28]} {[%emt 00:00:30]}
51. Ke3 {[%clk 00:00:32]} {[%emt 00:00:24]} Kc4 {[%clk 00:00:32]} {[%emt
00:00:06]} 52. Kd2 {[%clk 00:00:40]} {[%emt 00:00:02]} Kb5 {[%clk 00:00:39]}
{[%emt 00:00:04]} 53. Ke3 {[%clk 00:00:31]} {[%emt 00:00:18]} Kc4 {[%clk
00:00:39]} {[%emt 00:00:10]} 54. Kd2 {[%clk 00:00:39]} {[%emt 00:00:01]} Kb5
{[%clk 00:00:38]} {[%emt 00:00:12]} 1/2-1/2

[Event "PK Jeugd 2020 B"]
[Site "Eindhoven, Netherlands"]
[Date "????.??.??"]
[Round "3.1"]
[White "Shadrin, Mitia"]
[Black "Grooten, Tommy"]
[Result "0-1"]
[WhiteElo "1730"]
[BlackElo "1734"]

1. e4 {[%clk 00:55:17]} {[%emt 00:00:01]} c5 {[%clk 00:55:17]} {[%emt
00:00:04]} 2. Nf3 {[%clk 00:55:19]} {[%emt 00:00:07]} e6 {[%clk 00:55:23]}
{[%emt 00:00:05]} 3. d3 {[%clk 00:54:50]} {[%emt 00:00:38]} d6 {[%clk
00:55:02]} {[%emt 00:00:31]} 4. g3 {[%clk 00:53:50]} {[%emt 00:01:09]} Nc6
{[%clk 00:54:57]} {[%emt 00:00:16]} 5. Bg2 {[%clk 00:53:55]} {[%emt 00:00:04]}
Nf6 {[%clk 00:54:59]} {[%emt 00:00:08]} 6. O-O {[%clk 00:53:56]} {[%emt
00:00:10]} Be7 {[%clk 00:55:03]} {[%emt 00:00:06]} 7. Re1 {[%clk 00:53:32]}
{[%emt 00:00:33]} Qc7 {[%clk 00:54:53]} {[%emt 00:00:21]} 8. c3 {[%clk
00:49:07]} {[%emt 00:04:36]} O-O {[%clk 00:54:39]} {[%emt 00:00:23]} 9. d4
{[%clk 00:46:49]} {[%emt 00:02:28]} cxd4 {[%clk 00:54:43]} {[%emt 00:00:06]} 10.
cxd4 {[%clk 00:45:56]} {[%emt 00:01:02]} e5 {[%clk 00:54:13]} {[%emt 00:00:41]}
11. d5 {[%clk 00:45:01]} {[%emt 00:01:04]} Nb4 {[%clk 00:53:13]} {[%emt
00:01:10]} 12. Nc3 {[%clk 00:44:40]} {[%emt 00:00:28]} a5 {[%clk 00:52:27]}
{[%emt 00:00:59]} 13. h3 {[%clk 00:33:30]} {[%emt 00:11:14]} Bd7 {[%clk
00:51:37]} {[%emt 00:01:06]} 14. Be3 {[%clk 00:33:03]} {[%emt 00:00:31]} Rfc8
{[%clk 00:50:18]} {[%emt 00:01:36]} 15. Rc1 {[%clk 00:31:53]} {[%emt 00:01:15]}
Qb8 {[%clk 00:50:23]} {[%emt 00:00:09]} 16. a3 {[%clk 00:29:13]} {[%emt
00:02:51]} Na6 {[%clk 00:50:21]} {[%emt 00:00:12]} 17. Nh2 {[%clk 00:25:55]}
{[%emt 00:03:24]} b5 {[%clk 00:48:46]} {[%emt 00:01:49]} 18. f4 {[%clk
00:21:30]} {[%emt 00:04:33]} b4 {[%clk 00:47:44]} {[%emt 00:01:15]} 19. fxe5
{[%clk 00:17:22]} {[%emt 00:04:17]} dxe5 {[%clk 00:47:43]} {[%emt 00:00:11]} 20.
Nb1 {[%clk 00:14:38]} {[%emt 00:02:53]} Nc5 {[%clk 00:46:17]} {[%emt 00:01:36]}
21. Bf2 {[%clk 00:11:25]} {[%emt 00:03:20]} Ba4 {[%clk 00:45:10]} {[%emt
00:01:20]} 22. Qf3 {[%clk 00:11:00]} {[%emt 00:00:34]} Bb5 {[%clk 00:44:58]}
{[%emt 00:00:24]} 23. Rcd1 {[%clk 00:08:57]} {[%emt 00:02:13]} Nfd7 {[%clk
00:41:06]} {[%emt 00:04:01]} 24. h4 {[%clk 00:07:18]} {[%emt 00:01:49]} Nb6
{[%clk 00:40:19]} {[%emt 00:00:57]} 25. axb4 {[%clk 00:07:02]} {[%emt
00:00:27]} axb4 {[%clk 00:40:21]} {[%emt 00:00:08]} 26. b3 {[%clk 00:07:01]}
{[%emt 00:00:11]} Ra2 {[%clk 00:39:37]} {[%emt 00:00:54]} 27. Ng4 {[%clk
00:05:35]} {[%emt 00:01:36]} Bd6 {[%clk 00:38:32]} {[%emt 00:01:15]} 28. h5
{[%clk 00:04:45]} {[%emt 00:01:00]} h6 {[%clk 00:37:35]} {[%emt 00:01:08]} 29.
Be3 {[%clk 00:03:58]} {[%emt 00:00:57]} Bf8 {[%clk 00:35:22]} {[%emt 00:02:22]}
30. d6 {[%clk 00:03:02]} {[%emt 00:01:07]} f6 {[%clk 00:31:54]} {[%emt
00:03:38]} 31. Qf5 {[%clk 00:01:05]} {[%emt 00:02:03]} Qb7 {[%clk 00:28:59]}
{[%emt 00:03:08]} 32. Qg6 {[%clk 00:00:36]} {[%emt 00:00:39]} Kh8 {[%clk
00:28:54]} {[%emt 00:00:16]} 33. d7 {[%clk 00:00:45]} {[%emt 00:00:02]} Bxd7
{[%clk 00:28:09]} {[%emt 00:00:54]} 34. Nxf6 {[%clk 00:00:50]} {[%emt
00:00:04]} gxf6 {[%clk 00:27:44]} {[%emt 00:00:35]} 35. Bxh6 {[%clk 00:00:44]}
{[%emt 00:00:16]} Bc6 {[%clk 00:27:20]} {[%emt 00:00:34]} 36. Qxf6+ {[%clk
00:00:46]} {[%emt 00:00:07]} Bg7 {[%clk 00:27:18]} {[%emt 00:00:13]} 37. Bxg7+
{[%clk 00:00:55]} {[%emt 00:00:02]} Qxg7 {[%clk 00:27:16]} {[%emt 00:00:12]} 38.
Rd8+ {[%clk 00:01:02]} {[%emt 00:00:02]} Rxd8 {[%clk 00:26:29]} {[%emt
00:00:58]} 39. Qxd8+ {[%clk 00:01:11]} {[%emt 00:00:01]} Kh7 {[%clk 00:26:23]}
{[%emt 00:00:16]} 40. Rf1 {[%clk 00:00:31]} {[%emt 00:00:50]} Bxe4 {[%emt
00:03:43]} 0-1

[Event "PK Jeugd 2020 B"]
[Site "Eindhoven, Netherlands"]
[Date "????.??.??"]
[Round "3.2"]
[White "van Kuijk, Vadim"]
[Black "Boghossian, Wahe"]
[Result "1/2-1/2"]
[WhiteElo "1697"]
[BlackElo "1769"]

1. d4 {[%clk 00:55:13]} {[%emt 00:00:05]} Nf6 {[%clk 00:55:18]} {[%emt
00:00:03]} 2. c4 {[%clk 00:55:18]} {[%emt 00:00:05]} g6 {[%clk 00:55:12]}
{[%emt 00:00:16]} 3. g3 {[%clk 00:55:23]} {[%emt 00:00:05]} Bg7 {[%clk
00:54:54]} {[%emt 00:00:27]} 4. Bg2 {[%clk 00:55:24]} {[%emt 00:00:09]} O-O
{[%clk 00:54:35]} {[%emt 00:00:29]} 5. Nc3 {[%clk 00:55:24]} {[%emt 00:00:10]}
d6 {[%clk 00:54:20]} {[%emt 00:00:26]} 6. Nf3 {[%clk 00:55:27]} {[%emt
00:00:07]} Nc6 {[%clk 00:52:52]} {[%emt 00:01:38]} 7. O-O {[%clk 00:55:01]}
{[%emt 00:00:35]} e5 {[%clk 00:52:43]} {[%emt 00:00:19]} 8. d5 {[%clk
00:52:55]} {[%emt 00:02:16]} Ne7 {[%clk 00:52:28]} {[%emt 00:00:24]} 9. e4
{[%clk 00:52:20]} {[%emt 00:00:45]} a5 {[%clk 00:49:37]} {[%emt 00:03:02]} 10.
Ne1 {[%clk 00:46:10]} {[%emt 00:06:19]} Nd7 {[%clk 00:49:07]} {[%emt 00:00:40]}
11. Nd3 {[%clk 00:46:02]} {[%emt 00:00:19]} f5 {[%clk 00:48:56]} {[%emt
00:00:20]} 12. f3 {[%clk 00:45:27]} {[%emt 00:00:45]} b6 {[%clk 00:46:05]}
{[%emt 00:03:02]} 13. Be3 {[%clk 00:43:56]} {[%emt 00:01:41]} Nc5 {[%clk
00:44:29]} {[%emt 00:01:47]} 14. Nxc5 {[%clk 00:42:44]} {[%emt 00:01:22]} bxc5
{[%clk 00:44:22]} {[%emt 00:00:16]} 15. Nb5 {[%clk 00:42:06]} {[%emt 00:00:48]}
f4 {[%clk 00:44:11]} {[%emt 00:00:21]} 16. Bf2 {[%clk 00:41:05]} {[%emt
00:01:10]} g5 {[%clk 00:43:53]} {[%emt 00:00:28]} 17. g4 {[%clk 00:40:27]}
{[%emt 00:00:47]} Bd7 {[%clk 00:40:51]} {[%emt 00:03:12]} 18. a4 {[%clk
00:40:04]} {[%emt 00:00:34]} Be8 {[%clk 00:40:05]} {[%emt 00:00:55]} 19. Qd2
{[%clk 00:33:43]} {[%emt 00:06:32]} h5 {[%clk 00:39:29]} {[%emt 00:00:45]} 20.
h3 {[%clk 00:28:52]} {[%emt 00:05:00]} hxg4 {[%clk 00:39:21]} {[%emt 00:00:19]}
21. hxg4 {[%clk 00:28:56]} {[%emt 00:00:06]} Rf6 {[%clk 00:39:18]} {[%emt
00:00:12]} 22. Rfd1 {[%clk 00:28:45]} {[%emt 00:00:21]} Rh6 {[%clk 00:39:02]}
{[%emt 00:00:27]} 23. Kf1 {[%clk 00:28:30]} {[%emt 00:00:25]} Ng6 {[%clk
00:38:02]} {[%emt 00:01:10]} 24. Ke2 {[%clk 00:23:11]} {[%emt 00:05:29]} Rh2
{[%clk 00:37:24]} {[%emt 00:00:47]} 25. Rg1 {[%clk 00:20:00]} {[%emt 00:03:22]}
Nh4 {[%clk 00:37:03]} {[%emt 00:00:30]} 26. Kf1 {[%clk 00:17:32]} {[%emt
00:02:38]} Bd7 {[%clk 00:29:53]} {[%emt 00:07:20]} 27. Bxh4 {[%clk 00:16:23]}
{[%emt 00:01:19]} Rxh4 {[%clk 00:26:45]} {[%emt 00:03:19]} 28. Kf2 {[%clk
00:14:31]} {[%emt 00:02:02]} Bf6 {[%clk 00:23:54]} {[%emt 00:03:00]} 29. Rh1
{[%clk 00:14:04]} {[%emt 00:00:37]} Kg7 {[%clk 00:21:32]} {[%emt 00:02:30]} 30.
b3 {[%clk 00:11:47]} {[%emt 00:02:29]} Kg6 {[%clk 00:19:49]} {[%emt 00:01:53]}
31. Ke2 {[%clk 00:10:07]} {[%emt 00:01:50]} Ra6 {[%clk 00:14:09]} {[%emt
00:05:47]} 32. Kf2 {[%clk 00:08:02]} {[%emt 00:02:18]} Ra8 {[%clk 00:13:05]}
{[%emt 00:01:14]} 33. Ke2 {[%clk 00:07:36]} {[%emt 00:00:36]} Qc8 {[%clk
00:11:26]} {[%emt 00:01:49]} 34. Kf2 {[%clk 00:06:23]} {[%emt 00:01:25]} Qb7
{[%clk 00:10:22]} {[%emt 00:01:13]} 35. Ke2 {[%clk 00:03:43]} {[%emt 00:02:51]}
Qb6 {[%clk 00:10:25]} {[%emt 00:00:06]} 36. Rxh4 {[%clk 00:03:15]} {[%emt
00:00:38]} gxh4 {[%clk 00:10:25]} {[%emt 00:00:10]} 37. Bh3 {[%clk 00:03:07]}
{[%emt 00:00:18]} Bg5 {[%clk 00:10:18]} {[%emt 00:00:16]} 38. Qc2 {[%clk
00:02:27]} {[%emt 00:00:51]} Rb8 {[%clk 00:07:51]} {[%emt 00:02:36]} 39. Rb1
{[%clk 00:02:10]} {[%emt 00:00:27]} c6 {[%clk 00:06:00]} {[%emt 00:02:01]} 40.
Nxd6 {[%clk 00:02:00]} {[%emt 00:00:20]} cxd5 {[%clk 00:06:01]} {[%emt
00:00:09]} 41. exd5+ {[%clk 00:02:09]} {[%emt 00:00:02]} Kg7 {[%clk 00:04:15]}
{[%emt 00:01:54]} 42. Nf5+ {[%emt 00:02:02]} Kf6 43. Nd6 {[%emt 00:00:01]} Kg7
{[%emt 00:00:06]} 44. Nf5+ {[%emt 00:00:03]} Kf6 {[%emt 00:00:04]} 45. Nd6
{[%emt 00:00:01]} Kg7 46. Ne4 Bd8 {[%emt 00:00:07]} 47. Qc3 1/2-1/2